Normal view
MARC view
- Arora, Ridhi.
Entry Personal Name
001 - CONTROL NUMBER
- control field: 49405
003 - CONTROL NUMBER IDENTIFIER
- control field: OSt
005 - DATE AND TIME OF LATEST TRANSACTION
- control field: 20231002185640.0
008 - FIXED-LENGTH DATA ELEMENTS
- fixed length control field: 231002|| aca||aabn | a|a d
040 ## - CATALOGING SOURCE
- Original cataloging agency: OSt
- Transcribing agency: OSt
100 ## - HEADING--PERSONAL NAME
- Personal name: Arora, Ridhi.
- Relator term: author.
670 ## - SOURCE DATA FOUND
- Source citation: Work cat.: (OSt): Arora, Ridhi. author., Mediating role of mentoring functions on linking personality and occupational commitment in Indian organizations /Mediating role of mentoring functions on linking personaliity and occupational commitment in Indian organizations /, June 2020.
